000 00299nam a22001097a 4500
008 170125b xxu||||| |||| 00| 0 eng d
020 _a9781577663768
041 _aeng
080 _a61
245 _aSOMETHIND DANGEROUS/ EMERGENT AND CHANGING DRUG USE AND COMMUNITY HEALTH
_cSINGER, M
942 _2udc
_cBK
999 _c3678
_d3678